LEADER 01456nas 2200457- 450 001 996249644403316 005 20230330001748.0 011 $a2051-8161 035 $a(CKB)3520000000003699 035 $a(CONSER)--2014205257 035 $a(DE-599)ZDB2758235-8 035 $a(EXLCZ)993520000000003699 100 $a20121212a20149999 --- a 101 0 $aeng 181 $ctxt$2rdacontent 182 $cc$2rdamedia 183 $acr$2rdacarrier 200 10$aEnvironmental science$iNano 210 1$aCambridge, UK :$cRoyal Society of Chemistry,$d[2014]- 215 $a1 online resource 300 $aRefereed/Peer-reviewed 311 $aPrint version: Environmental science. Nano (Print) (DLC) 2014205257 (OCoLC)881450815 2051-8153 517 1 $aNano 531 $aENVIRON. SCI.: NANO 531 $aENVIRON SCI-NANO 606 $aEnvironmental sciences$vPeriodicals 606 $aNanotechnology$vPeriodicals 606 $aEnvironmental sciences$2fast$3(OCoLC)fst00913474 606 $aNanotechnology$2fast$3(OCoLC)fst01032639 608 $aPeriodicals.$2fast 615 0$aEnvironmental sciences 615 0$aNanotechnology 615 7$aEnvironmental sciences. 615 7$aNanotechnology. 676 $a620.505 712 02$aRoyal Society of Chemistry (Great Britain), 906 $aJOURNAL 912 $a996249644403316 920 $aexl_impl conversion 996 $aEnvironmental science$92161878 997 $aUNISA LEADER 02937nam 2200637 450 001 9910504309803321 005 20200627174557.0 010 $a3-631-81150-0 010 $a3-631-81149-7 035 $a(CKB)4100000010848862 035 $a(MiAaPQ)EBC6148093 035 $a(oapen)https://directory.doabooks.org/handle/20.500.12854/72262 035 $a(EXLCZ)994100000010848862 100 $a20200627d2020 uy 0 101 0 $aeng 135 $aurcnu|||||||| 181 $ctxt$2rdacontent 182 $cc$2rdamedia 183 $acr$2rdacarrier 200 10$aLiterature and media $eafter 1989 /$fMaryla Hopfinger ; translated by Andrzej Wojtasik 210 $aBern$cPeter Lang International Academic Publishing Group$d2020 210 1$aBerlin :$cPeter Lang,$d2020. 215 $a1 online resource (305 pages) $cillustrations 225 1 $aCross-roads : studies in culture, literary theory, and history ;$vVolume 23 311 $a3-631-80055-X 320 $aIncludes bibliographical references and index. 327 $aSituation of literature : a change of place? -- The situation of media : a change of culture? -- A common language -- Printed literature -- Audio literature -- Electronic literature -- Auteur cinema -- TV series -- Computer games. 330 $aThis book discusses the direction of changes in contemporary culture at the turn of the 20th and 21st centuries in Poland on the example of mutual relationships between literature and the media, such as film, radio, TV and the Internet. The interdisciplinary approach adopted by the author combines literary and media studies with the perspectives of social communication, anthropology and sociology of culture. The book focuses on topics such as reconfiguration of culture, expansion of the media, situation of literature and the central place of audio-visual parallels (auteur film, TV series, PC games). The author notes that both literature and the media are situated between art and communication today and both share the meta-cultural role of natural languages. 410 0$aCross-roads (Frankfurt am Main, Germany) ;$vVolume 23. 606 $aMass media and literature 610 $a1989 610 $aAnalogue/digital 610 $aAudio-visual narratives 610 $aCodes of culture 610 $aContemporary changes in culture 610 $aHopfinger 610 $aLiteratura 610 $aLiterature 610 $aMedia 610 $aNatural language 610 $aNaukowa 610 $aOficyna 610 $aReal/virtual 610 $aroku 610 $aVarieties of literary book 615 0$aMass media and literature. 676 $a302.23 700 $aHopfinger$b Maryla$0853320 702 $aWojtasik$b Andrzej 801 0$bMiAaPQ 801 1$bMiAaPQ 801 2$bMiAaPQ 906 $aBOOK 912 $a9910504309803321 996 $aLiterature and media$91905412 997 $aUNINA